El ajuste por inflación impositivo es necesario (Registro nro. 20198)

Detalles MARC
000 -LEADER
fixed length control field 00321 a2200109 4500
001 - CONTROL NUMBER
control field ART_48056
005 - DATE AND TIME OF LATEST TRANSACTION
control field 20260410161757.0
008 - FIXED-LENGTH DATA ELEMENTS--GENERAL INFORMATION
fixed length control field 260409a
100 1# - MAIN ENTRY--PERSONAL NAME
Personal name Volman, Mario
245 10 - TITLE STATEMENT
Title El ajuste por inflación impositivo es necesario
773 0# - HOST ITEM ENTRY
Title Doctrina tributaria
Related parts - N°465 (dic. 2018)
Record control number REV4296

No hay ítems disponibles.